Statistics for First & Last States Requiring Driver License

Click here to take the quiz!

General Stats

  • This quiz has been taken 4 times
  • The average score is 11 of 15

Answer Stats

HintAnswer% Correct
What city required a license for everyone in 1917?
New York
100%
License Required 1907Connecticut
75%
License Required 1909Delaware
75%
License Required 1910Maryland
75%
License Required 1903
Massachusetts
75%
Fist state chauffeur exam 1907
Massachusetts
75%
License Required 1905New Hampshire
75%
License Required 1906New Jersey
75%
License Required 1909Pennsylvania
75%
License Required 1908Rhode Island
75%
First state with license exam for everyone 1908
Rhode Island
75%
Last License Required 1954
South Dakota
75%
Last state with license exam 1959
South Dakota
75%
License Required 1905Vermont
75%
License Required 1903
Missouri
25%

Score Distribution

Percentile by Number Answered

Percent of People with Each Score

Your Score History

You have not taken this quiz